02035nab a22002777a 4500003000400000005001700004008004100021040000700062100002300069245021500092260007300307300001500380500003600395505068800431505023001119505008101349650001801430650001301448650002501461650002501486650002501511650002701536650002401563650002101587773014901608OSt20260219100443.0190429b xxu||||| |||| 00| 0 spa d cPJ aVaninetti, Hugo A.10aImplementación del Sistema de Reconocimiento Facial de Prófugos (SRFP) de la Ciudad Autónoma de Buenos Aires : bel necesario resguardo de los derechos y garantías constitucionales /cHugo A. Vaninetti. cCiudad Autónoma de Buenos Aires :aThomson Reuters La Ley, b2024. ap. 231-238 aCita: TR LALEY AR/DOC/1470/2023 aSumario: I. Palabras previas.— II. Antecedentes del caso.— III. Sentencia de la Cámara de Apelaciones en lo Contencioso Administrativo Tributario y Relaciones de Consumo de la Ciudad Autónoma de Buenos Aires.— IV. Biometría. Afectación del derecho a la intimidad e imagen.— V. La imagen como dato personal. Derecho a la intimidad.— VI. El dato biométrico como dato personal. Resolución 4/2019 de la Agencia de Acceso a la Información Pública.— VII. Sistemas de Reconocimiento Facial. Definición.— VIII. Reconocimiento facial automático y la Inteligencia Artificial (IA).— IX. Problemas que acarrea el reconocimiento facial.— X. Palabras finales. aFallo comentado: CContenciosoadministrativo, Trib. y Relaciones de Consumo, Ciudad Autónoma de Buenos Aires, sala I ~ 28/04/2023 ~ Observatorio de Derecho Informático Argentino O.D.I.A. y otros c. GCBA s/ Amparo - Otros. tSi te interesa el texto completo, solicitalo a koha@justierradelfuego.gov.ar 0aDERECHO PENAL 0aSOFTWARE 0aMEDIDAS DE SEGURIDAD 0aFUERZAS DE SEGURIDAD 0aPOLÍTICAS PUBLICAS 0aDERECHO A LA INTIMIDAD 0aDERECHO A LA IMAGEN 0aDATOS PERSONALES0 02658tRevista de derecho penal y criminología. Nº 7 - Julio 2024dCiudad Autónoma de Buenos Aires : Thomson Reuters La Ley, 2017-x00347914